01601nam a22003257a 4500003000400000005001700004008004100021040002200062082001800084100003000102245003000132260006000162300002100222366000800243490002700251505010600278505026600384505005700650650006000707650005200767650005300819650004300872650004500915650005600960650004701016700003601063942002901099999001501128952013201143OSt20230616100415.0221006b |||||||| |||| 00| 0 eng d cBiblioteca Lado V a709.05bG851a 9855aGriffin, Timeeditor aArtforum/bInternacional/ aNew Yorkc1995bNew York editorial and business offices c26.5x27cma112p. eeng aEnerov1995x0864-1315 tCOLUMNSaGlamour Wounds Gadget Love Virtual Office American Myths Real Life Rock Theater Books  tFEATURESaNaked City Chill: The New Ambient Critical Reflections The Art of the Matter: Curating the Whitney Biennial Poll Stars: Komar & Melamid's "The People's Choice" Washington Lives Jannis Kounellis: Boat Lonion, Piraeus Openings: Pieter Schoolwerth tREVIEWSaFocus: the Italian Metamorphosis, 1943-1968 2Tesauro de Arte & ArquitecturaaARTE COMTEMPORANEO9703 2Tesauro de Arte & ArquitecturaaFOTOGRAFIA9702 2Tesauro de Arte & ArquitecturaaARTE VISUAL9702 2Tesauro de Arte & ArquitecturaaLIBROS 2Tesauro de Arte & ArquitecturaaNOTICIAS 2 Tesauro de Arte & ArquitecturaaARTE INTERNACIONAL 2 Tesauro de Arte & ArquitecturaaESCULTURA aNavarreta, Jose Antonioeeditor 2ddcc1h709.05iG851an0 c3852d3852 00102ddc3199540708RevistasaLVbLVd2023-06-16hEneroi002505l0o709.05 G851ap002505r2023-06-16 00:00:00w2023-06-16y1